<?xml version="1.0" encoding="UTF-8"?>
<record
    xmlns:xsi="http://www.w3.org/2001/XMLSchema-instance"
    xsi:schemaLocation="http://www.loc.gov/MARC21/slim http://www.loc.gov/standards/marcxml/schema/MARC21slim.xsd"
    xmlns="http://www.loc.gov/MARC21/slim">

  <leader>02046nam a22003857a 4500</leader>
  <controlfield tag="001">BRCA_9212</controlfield>
  <controlfield tag="003">FranzMayer</controlfield>
  <controlfield tag="005">20220809125842.0</controlfield>
  <controlfield tag="008">220721b        |||||||| |||| 00| 0 eng d</controlfield>
  <datafield tag="020" ind1=" " ind2=" ">
    <subfield code="a">9786079509064</subfield>
  </datafield>
  <datafield tag="040" ind1=" " ind2=" ">
    <subfield code="b">spa</subfield>
    <subfield code="c">MFM</subfield>
  </datafield>
  <datafield tag="041" ind1="1" ind2=" ">
    <subfield code="a">spa</subfield>
    <subfield code="a">eng</subfield>
  </datafield>
  <datafield tag="050" ind1=" " ind2=" ">
    <subfield code="a">TR660.5</subfield>
    <subfield code="b">M57 2014</subfield>
  </datafield>
  <datafield tag="245" ind1=" " ind2=" ">
    <subfield code="a">Miradas de M&#xE9;xico = Glimpses of Mexico</subfield>
  </datafield>
  <datafield tag="260" ind1=" " ind2=" ">
    <subfield code="a">M&#xE9;xico : </subfield>
    <subfield code="b">Smurfit Kappa M&#xE9;xico</subfield>
    <subfield code="c">2014</subfield>
  </datafield>
  <datafield tag="300" ind1=" " ind2=" ">
    <subfield code="a">281 p. :</subfield>
    <subfield code="b">il., fot. ; </subfield>
    <subfield code="c">23.5 x 33 cm. ;</subfield>
    <subfield code="c">30 x 34 cm. (con caja)</subfield>
  </datafield>
  <datafield tag="500" ind1=" " ind2=" ">
    <subfield code="a">Ubicaci&#xF3;n: L60-N1</subfield>
  </datafield>
  <datafield tag="500" ind1=" " ind2=" ">
    <subfield code="a">Incluye imagen de la Colecci&#xF3;n Museo Franz Mayer (p. 128)</subfield>
  </datafield>
  <datafield tag="500" ind1=" " ind2=" ">
    <subfield code="a">Ejemplar en caja</subfield>
  </datafield>
  <datafield tag="500" ind1=" " ind2=" ">
    <subfield code="a">&#xCD;ndice: p. 13</subfield>
  </datafield>
  <datafield tag="504" ind1=" " ind2=" ">
    <subfield code="a">Bibliograf&#xED;a: pp. 279-280</subfield>
  </datafield>
  <datafield tag="505" ind1="2" ind2=" ">
    <subfield code="t">Presentaci&#xF3;n / </subfield>
    <subfield code="r">Mario Garza Castill&#xF3;n Segovia</subfield>
  </datafield>
  <datafield tag="505" ind1="2" ind2=" ">
    <subfield code="t">Pr&#xF3;logo / </subfield>
    <subfield code="r">Elena Horz de Sotomayor</subfield>
  </datafield>
  <datafield tag="505" ind1="2" ind2=" ">
    <subfield code="t">Introducci&#xF3;n. El Paisaje / </subfield>
    <subfield code="r">Elena Poniatowska</subfield>
  </datafield>
  <datafield tag="505" ind1="2" ind2=" ">
    <subfield code="t">Breve historia de una relaci&#xF3;n: el fot&#xF3;grafo y el horizonte / </subfield>
    <subfield code="r">Blanca Ruiz P&#xE9;rez</subfield>
  </datafield>
  <datafield tag="505" ind1="2" ind2=" ">
    <subfield code="t">El Paisaje: como producci&#xF3;n de naturaleza / </subfield>
    <subfield code="r">Laura Gonz&#xE1;lez Flores</subfield>
  </datafield>
  <datafield tag="505" ind1="2" ind2=" ">
    <subfield code="t">Paisaje y naturaleza. Portafolio / </subfield>
    <subfield code="r">Emma Cecilia Garc&#xED;a Krinsky</subfield>
  </datafield>
  <datafield tag="520" ind1=" " ind2=" ">
    <subfield code="a">"Miradas de M&#xE9;xico" ofrece una aproximaci&#xF3;n &#xFA;nica de nuestro entorno, registrado por los fot&#xF3;grafos m&#xE1;s representativos de la historia de la fotograf&#xED;a de nuestro pa&#xED;s, artistas que empezaron a desarrollarse en este medio desde la llegada de los primeros daguerrotipos a Veracruz, en 1839, provenientes de Francia. El paisaje, la naturaleza, el entorno mexicanos han ejercido desde el siglo XIX una atracci&#xF3;n irresistible sobre fot&#xF3;grafos viajeros y exploradores, cient&#xED;ficos y naturalistas, reporteros gr&#xE1;ficos y fotoensayistas, artistas de vanguardia y conceptuales, poetas de la lente. - Elena Horz de Sotomayor</subfield>
  </datafield>
  <datafield tag="650" ind1=" " ind2=" ">
    <subfield code="a">Fotograf&#xED;a</subfield>
    <subfield code="x">Paisaje</subfield>
    <subfield code="z">M&#xE9;xico</subfield>
    <subfield code="9">28478</subfield>
  </datafield>
  <datafield tag="650" ind1=" " ind2=" ">
    <subfield code="a">Fotograf&#xED;a</subfield>
    <subfield code="x">Historia</subfield>
    <subfield code="z">M&#xE9;xico</subfield>
  </datafield>
  <datafield tag="650" ind1=" " ind2=" ">
    <subfield code="a">Paisaje</subfield>
    <subfield code="x">Historia</subfield>
    <subfield code="z">M&#xE9;xico</subfield>
    <subfield code="9">28479</subfield>
  </datafield>
  <datafield tag="700" ind1=" " ind2=" ">
    <subfield code="a">Debra Nagao </subfield>
    <subfield code="e">traducci&#xF3;n</subfield>
    <subfield code="9">28480</subfield>
  </datafield>
  <datafield tag="942" ind1=" " ind2=" ">
    <subfield code="2">lcc</subfield>
    <subfield code="c">B</subfield>
  </datafield>
  <datafield tag="999" ind1=" " ind2=" ">
    <subfield code="c">10831</subfield>
    <subfield code="d">10831</subfield>
  </datafield>
  <datafield tag="952" ind1=" " ind2=" ">
    <subfield code="0">0</subfield>
    <subfield code="1">0</subfield>
    <subfield code="2">lcc</subfield>
    <subfield code="4">0</subfield>
    <subfield code="7">0</subfield>
    <subfield code="a">BRCA</subfield>
    <subfield code="b">BRCA</subfield>
    <subfield code="d">2022-07-21</subfield>
    <subfield code="l">0</subfield>
    <subfield code="o">TR660.5 M57 2014</subfield>
    <subfield code="p">CONT9995</subfield>
    <subfield code="r">2022-07-21 00:00:00</subfield>
    <subfield code="w">2022-07-21</subfield>
    <subfield code="y">B</subfield>
  </datafield>
</record>
